LEADER 01632nam0 22003973i 450 001 BVE0068177 005 20251003044055.0 010 $a8815047786 020 $aIT$b95-09131 100 $a19961004d1995 ||||0itac50 ba 101 | $aita 102 $ait 181 1$6z01$ai $bxxxe 182 1$6z01$an 200 1 $aˆIl ‰lavoro in Italia$eun giurista racconta$fUmberto Romagnoli 210 $aBologna$cIl mulino$d[1995] 215 $a261 p.$d22 cm. 225 | $aSaggi$v429 410 0$1001CFI0000015$12001 $aSaggi$v429 606 $aDiritto del lavoro$2FIR$3CFIC000818$9E 676 $a331.0945$9ECONOMIA DEL LAVORO. Italia$v21 676 $a344.4501$9DIRITTO DEL LAVORO. ITALIA$v20 676 $a344.4501$9DIRITTO DEL LAVORO. ITALIA$v21 676 $a344.4501$9Diritto del lavoro. Italia$v22 676 $a344.450109$9$v20 700 1$aRomagnoli$b, Umberto$f <1935-2022>$3CFIV229884$4070$01337349 801 3$aIT$bIT-000000$c19961004 850 $aIT-BN0095 $aIT-NA0070 $aIT-NA0581 901 $bNAP 01$cD $n$ 901 $bNAP BU$c5 B $nPropedeutica. Formato cm. 20,1-28. 901 $bNAP FC$cFONDO $n$ 912 $aBVE0068177 950 0$aBiblioteca Centralizzata di Ateneo$c1 v.$d 01D (AR) 16 249$e 01AR 0700162495 VMA A4 1 v.$fY $h19950523$i20181016$c1 v. in due copie$d 01D (AR) 16 250$e 01AR 0700162505 VMA A4(000bis 1 v. (2. copia)$fY $h19950523$i20181016 977 $a 01$a BU$a FC 996 $aLavoro in Italia$93056879 997 $aUNISANNIO